| 000 | 00596nam a22001937a 4500 | ||
|---|---|---|---|
| 003 | OSt | ||
| 005 | 20250707104403.0 | ||
| 008 | 250704b |||||| |mx 00| 0 spa d | ||
| 020 | _a9786074248531 | ||
| 040 | _cFac. de psicología | ||
| 050 | 0 | 4 |
_aJV7415 _bG89 2025 |
| 100 | 1 | _aGuzmán González, Esteghany Yazmín | |
| 245 | 1 | 3 |
_aLa mujer del migrante : _bUn diálogo femenino y sin fronteras _cEstephany Yazmín, Guzmán González, |
| 250 | _a1a. ed. | ||
| 260 |
_aMéxico : _bPapiro omega. _c2025 |
||
| 300 |
_a115 p. _c21 cm. |
||
| 650 | 4 |
_2Mujeres - migrantes _xMigración |
|
| 942 |
_2lcc _cLIB _n0 |
||
| 999 |
_c171977 _d171975 |
||